jeziora i zbiorniki wodne Geografia kartkówka ale z numerkami - Statystyki

Ogólne statystyki
  • Ten quiz został rozwiązany 47 razy
  • Średni wynik to 9 z 16
Odpowiedzi na mapie
Odpowiedzi zakodowano w zielono-czerwonej skali na mapie do tego quizu, zgodnie z poniższymi procentami.
 
Statystyki odpowiedzi
Odpowiedź % Poprawnych
1. Śniardwy Jezioro
96%
3. Łebsko Jezioro
81%
2. Mamry Jezioro
81%
8. Gardno Jezioro
59%
9. Jamno Jezioro
59%
11. Wigry Jezioro
59%
4. Dąbie Jezioro
56%
12. Solińskie Zbiornik Wodny
56%
10. Gopło Jezioro
52%
6. Jeziorak Jezioro
52%
5. Miedwie Jezioro
52%
7. Niegocin Jezioro
52%
14. Czorsztyńskie Zbiornik Wodny
44%
13. Włocławskie Zbiornik Wodny
44%
15. Jeziorsko Zbiornik Wodny
41%
16. Goczałkowickie Zbiornik Wodny
37%
Nie znaleziono quizów pasujących do podanych kryteriów
Rozkład punktacji
Procent ludzi z każdym wynikiem
Percentyl według liczby udzielonych odpowiedzi
Twoja historia wyników
Nie rozwiązałeś tego quizu